| 000 | 00842nam a22002777a 4500 | ||
|---|---|---|---|
| 001 | 9272 | ||
| 003 | FISKH | ||
| 005 | 20251209080231.0 | ||
| 008 | 251209b cb ||||| |||| 00| 0 eng d | ||
| 020 | _a9780590319911 | ||
| 040 |
_aFISKH _beng _cFISKH _dFISKH |
||
| 050 | _aPE1155 .M5 | ||
| 082 | _a630 | ||
| 100 |
_aMiller, Jane _eAuthor |
||
| 245 |
_aFarm alphabet book / _cJane Miller |
||
| 260 |
_aNew York : _bScholastic Inc. , _c2000 |
||
| 300 |
_a32 unnumbered pages : _bcolored illustrations ; _c21 cm |
||
| 505 | _aJ | ||
| 520 | _aPhotographs of farm animals and objects, accompanied by simple descriptions, illustrate the letters of the alphabet. | ||
| 521 | 8 |
_a470
_bLexile estimate |
|
| 521 | 8 |
_aJ
_bRaz-Plus |
|
| 650 |
_aAlphabet book _vPicture book |
||
| 650 |
_vABC _2Farm |
||
| 942 |
_2ddc _cBK _n0 |
||
| 999 |
_c9272 _d9272 |
||